Basel committee 2015 corporate governance principles for banks

Identifikácia regulačných potrieb bánk. Špecifiká bankového sektoru. Porovnanie predchádzajúcej verzie dokumentu princípov korporátnej vlády s verziou r. 2015.

Salvato in:
Dettagli Bibliografici
Autore principale: Muchová, Martina, 1973-
Natura: Capitolo di libro
Lingua:inglese
Soggetti:
Tags: Aggiungi Tag
Nessun Tag, puoi essere il primo ad aggiungerne!!

MARC

LEADER 00000nla a2200000 4500
001 0212211
005 20240502083531.1
041 0 |a eng 
044 |a CZ 
245 1 0 |a Basel committee 2015 corporate governance principles for banks  |c Martina Muchová 
520 |a Identifikácia regulačných potrieb bánk. Špecifiká bankového sektoru. Porovnanie predchádzajúcej verzie dokumentu princípov korporátnej vlády s verziou r. 2015. 
610 2 0 |a kríza finančná 
610 2 0 |a banky 
610 2 0 |a inštitúcie finančné 
610 2 0 |a vláda 
610 2 0 |a kultúra podniková 
610 2 0 |a dohľad bankový 
610 2 0 |a regulácia 
100 1 |a Muchová, Martina, 1973-